000 01198cam a22002655a 4500
001 L142805
002 17354
008 080311s2007 xxk f 001 0 eng d
020 _a9780566088056
035 _a(Sirsi) u142805
041 0 _aeng
050 0 4 _a658.404 $2 22
100 1 _aLock, Dennis
245 0 4 _aThe essentials of project management
250 _a3rd ed.
260 _aAldershot
_bGower
_c2007
300 _axii, 204p.
_c25cm.
350 _a19.50
505 2 _aIntroduction to project management -- Defining the project task -- Estimating the project costs -- Managing risk -- Organising the project -- Compiling the work breakdown structure -- Planning the timescale -- Scheduling project resources -- Implementing the plan -- Managing purchasing -- Managing changes -- Managing costs
520 _aA condensed version of "Project management" (L142804), this work is intended to provide a basic introduction to the subject. Outlines the principles and techniques of project management and explains how and when to use the key project management procedures.
521 2 _aIntroductory
651 4 _aUnited Kingdom
_y
690 _aProject management
_96261
942 _n0
999 _c107982
_d107982